Wird geladen...
Environmental Ethics: a dialogue of cultures/
| 1. Verfasser: | |
|---|---|
| Format: | Printed Book |
| Veröffentlicht: |
New Delhi:
Concept,
1995.
|
| Schlagworte: |
| LEADER | 00536nam a22001571a 4500 | ||
|---|---|---|---|
| 020 | |a 9788170225706 | ||
| 082 | |a 177 |b RPM/E | ||
| 100 | |a R P Misra (ed.) |9 116553 | ||
| 245 | |a Environmental Ethics: |b a dialogue of cultures/ | ||
| 260 | |a New Delhi: |b Concept, |c 1995. | ||
| 300 | |a 206p. | ||
| 650 | |a Environment Ethics |9 116554 | ||
| 650 | |a Ethics |9 116555 | ||
| 942 | |c BK | ||
| 999 | |c 13630 |d 13630 | ||
| 952 | |0 0 |1 0 |4 0 |6 177_000000000000000_RPM_E |7 0 |9 19580 |a SSUS |b SSUS |d 2015-01-08 |g 350.00 |l 1 |o 177 RPM/E |p 018568 |r 2016-07-11 |s 2015-09-30 |v 0.00 |w 2015-01-08 |y BK | ||